000 02556nam0a22004691 4500
001 v19\rc\1963342
005 20260406091503.0
035 _a(NLR Aleph) 005046856
090 _a6852563
_c6852563
100 _a20080428d1913 k y0rusy50 ca
101 0 _arus
102 _aRU
105 _ac z|| | gb
200 1 _aСтихотворения А.С. Хомякова и К.С. Аксакова
_eпортреты А.С. Хомякова и К.С. Аксакова
_fс предисловием: Т.П. Жизнь и произведения А.С. Хомякова и К.С. Аксакова в связи с теорией славянофильства
210 _aСанкт-Петербург
_cжурнал "Жизнь для всех"
_d1913
215 _a184 с.
_cпортр.
_d20
311 _a"Бесплатное приложение ко 2 изданию "Жизнь для всех" за 1913 г."
422 0 _12001#$aЖизнь для всех$v1913
_1205##$a2-е изд.
_tЖизнь для всех
464 0 _12001#$aЖизнь и произведения А.С. Хомякова и К.С. Аксакова в связи с теорией славянофильства$fТ.П.
_1700#0$aТ. П.$cпублицист$f19 в.
_tЖизнь и произведения А.С. Хомякова и К.С. Аксакова в связи с теорией славянофильства
_aТ. П. (публицист ; 19 в.)
532 1 0 _aСтихотворения Алексея Степановича Хомякова и Константина Сергеевича Аксакова
686 1 _aШ5(2=Р)5-5Аксаков К.С.
686 1 _aШ5(2=Р)5-5Хомяков А.С.
700 1 _8rus
_7ca
_aХомяков
_bА. С.
_cпоэт, философ, художник
_f1804-1860
_gАлексей Степанович
_3RU\NLR\AUTH\7760566
_943497
701 1 _8rus
_7ca
_aАксаков
_bК. С.
_f1817-1860
_gКонстантин Сергеевич
_3RU\NLR\AUTH\7739750
_922723
702 0 _aТ. П.
_cпублицист
_f19 в.
_4080
801 0 _aRU
_bNLR
_gpsbo
801 0 _aRU
_bRuMoRGB
_2psbo
801 1 _aRU
_bProSoft-M
_2rusmarc
801 2 _aRU
_bNLR
_c20140113
_2rusmarc
852 _aNLR
_j37.54.4.251
852 _aNLR
_j130/4169
899 _aRuMoRGB
_jV 13/190
899 _aRuMoRGB
_jU 201/1325
899 _aRuMoRGB
_jO 1/855
899 _aRuMoRGB
_jРб 10/1507
899 _aБАН
899 _aНБ СПбГУ
899 _aГПИБ
899 _aНБ МГУ
942 _cBOOK
980 _aNB